00421nam a2200133 i 4500001000300000100002100003245007100024260001700095700002000112040000800132041000800140008004100148856009800189bg1 aSIGORSKIJ, W. P. 0aOsnowy teorii elektronnych schem /cW.P. Sigorskij, A.J. Petrenko. aKiew,c1971.1 aPETRENKO, A. J. cBPK apol s pl f |000 0 pol  uhttp://koha.tu.koszalin.pl/cgi-bin/koha/opac-detail.pl?biblionumber=14882yKatalog online BPK